A Synopsis of Quakerism, or, A collection of the fundamental errors of the Quakers : collected out of their printed books : with a brief refutation of their most material arguments (and particularly W. Pens in his late Sandy foundation shaken), and an essay towards the establishment of private Christians in the truths opposed by those errors /

Bibliographic Details
Main Author: Danson, Thomas, d. 1694
Format: eBook
Language:English
Published: London : [publisher not identified], 1669.
Edition:The second edition, much revised, and the faults amended that escaped the first impression.
Series:Early English books online.
Subjects:
Online Access:Connect to the full text of this electronic book

MARC

Tag First Indicator Second Indicator Subfields
LEADER 00000nam a2200000Ia 4500
001 in00004185083
005 20200807090122.0
006 m g d
007 cr bn |||a|bb|
008 821109s1669 enk o 00| | eng d
035 |a (OCoLC)8940501 
040 |a UMI  |c UMI  |d m/c  |d UMI  |d WaOLN 
037 |a CL0037000043  |b ProQuest Information and Learning. 300 N. Zeeb Rd., Ann Arbor, MI 48106 
090 |a BX7734.A2  |b D35 1669 
049 |a UMIA 
100 1 |a Danson, Thomas,  |d d. 1694. 
245 1 2 |a A Synopsis of Quakerism, or, A collection of the fundamental errors of the Quakers :  |b collected out of their printed books : with a brief refutation of their most material arguments (and particularly W. Pens in his late Sandy foundation shaken), and an essay towards the establishment of private Christians in the truths opposed by those errors /  |c by Tho. Danson. 
250 |a The second edition, much revised, and the faults amended that escaped the first impression. 
260 |a London :  |b [publisher not identified],  |c 1669. 
300 |a 1 online resource ([4], 83, [3] pages) 
336 |a text  |b txt  |2 rdacontent 
337 |a computer  |b c  |2 rdamedia 
338 |a online resource  |b cr  |2 rdacarrier 
500 |a "Whereof these are a taste, viz. 1. That there are not three persons in the Godhead, 2. That Christ did not make satisfaction for the sin of man, 3. That justification is not imputed rightousness, 4. That our good works are the meritorious cause of our justification, 5. That a state of freedom from sin is attainable in this life, 6. That there is a light in every man sufficient to guide him to salvation, 7. That the Scripture is not the word of God, nor a standing rule of faith and life, 8. That there is no resurrection of the body, 9. That there's no need nor use of ordinances, baptisme, Lords Supper &c." 
500 |a Reproduction of original in the British Library. 
510 4 |a Wing  |c D219. 
533 |a Electronic reproduction.  |b Ann Arbor, Mich. :  |c UMI,  |d 1999-  |f (Early English books online)  |n Digital version of: (Early English books, 1641-1700 ; 1281:22)  |7 s1999 miun s 
650 0 |a Society of Friends  |v Controversial literature. 
740 0 |a Collection of the fundamental errors of the Quakers. 
830 0 |a Early English books online. 
856 4 0 |u http://proxy.library.tamu.edu/login?url=https://search.proquest.com/docview/2264212873  |z Connect to the full text of this electronic book  |t 0 
999 f f |s 8f038ad8-74a4-356d-b7bd-9508bef01571  |i 4ff42782-45c8-3f68-921b-ba67a0aedb3e  |t 0 
952 f f |a Texas A&M University  |b College Station  |c Electronic Resources  |d Available Online  |t 0  |e BX7734.A2 D35 1669  |h Library of Congress classification 
998 f f |a BX7734.A2 D35 1669  |t 0  |l Available Online